[Event "La Plata Maderna Memorial"]
[Site "La Plata"]
[Date "2016.07.05"]
[Round "7.13"]
[White "Martinez, Franco"]
[Black "Romero, Melina"]
[Result "1-0"]
[WhiteElo "1736"]
[BlackElo "1446"]
[PlyCount "65"]
[EventDate "2016.06.14"]
[EventType "swiss"]
[EventRounds "7"]
[EventCountry "ARG"]
[SourceTitle "EXT 2024"]
[Source "ChessBase"]
[SourceDate "2023.10.10"]
[SourceVersion "1"]
[SourceVersionDate "2023.10.10"]
[SourceQuality "1"]

1. d4 Nf6 2. c4 c5 3. d5 b5 4. cxb5 a6 5. b6 Qxb6 6. Nc3 d6 7. e4 Nbd7 8. Nf3 g6 9. Be2 Bg7 10. 0-0 Ng4 11. Qc2 0-0 12. Rb1 Nge5 13. b3 Rb8 14. Bb2 Bb7 15. Nd2 Rfc8 16. Nd1 Qa7 17. Kh1 Nb6 18. Qc3 f6 19. Qg3 c4 20. Bd4 Ba8 21. f4 Ned7 22. Nxc4 Nc5 23. Bxc5 Rxc5 24. Nde3 Qc7 25. Nxb6 Rxb6 26. Nc4 Rb4 27. h4 e6 28. f5 exd5 29. exd5 Rxd5 30. fxg6 h6 31. Qe3 Bc6 32. Bf3 Rf5 33. Qe6+ 1-0

[Event "La Plata Maderna Memorial"]
[Site "La Plata"]
[Date "2016.06.16"]
[Round "2.6"]
[White "Martinez, Franco"]
[Black "Miranda, Rafael"]
[Result "0-1"]
[WhiteElo "1736"]
[BlackElo "2129"]
[PlyCount "54"]
[EventDate "2016.06.14"]
[EventType "swiss"]
[EventRounds "7"]
[EventCountry "ARG"]
[SourceTitle "EXT 2024"]
[Source "ChessBase"]
[SourceDate "2023.10.10"]
[SourceVersion "1"]
[SourceVersionDate "2023.10.10"]
[SourceQuality "1"]

1. d4 d5 2. c4 e6 3. Nc3 c6 4. Nf3 dxc4 5. a4 Bb4 6. e4 b5 7. axb5 cxb5 8. Bd2 Bxc3 9. bxc3 Ne7 10. Be2 0-0 11. Qb1 a6 12. e5 Ng6 13. h4 f5 14. exf6 Qxf6 15. Qe4 Ra7 16. 0-0-0 Bb7 17. Qg4 Nf4 18. Rde1 Bd5 19. Qg3 Nc6 20. Ne5 Nxe5 21. dxe5 Nxe2+ 22. Rxe2 Qe7 23. Ree1 a5 24. Rh3 b4 25. cxb4 axb4 26. Kd1 Ra2 27. Qe3 c3 0-1